Jazyki programmirovanija: razrabotka i realizacija /

Na minha lista:
Detalhes bibliográficos
Autor principal: Pratt, Terrence W (Author)
Formato: Livro
Idioma:russo
Publicado em: Moskva : Mir, 1979
Assuntos:
Tags: Adicionar Tag
Sem tags, seja o primeiro a adicionar uma tag!

MARC

LEADER 00000nam a22000003a 4500
001 stu40752
005 20150617225721.3
008 930527s1979----xxr-----------------rus-d
040 |a STU  |b slo 
041 0 |a rus 
044 |a xxr 
080 |a 519.682 
100 1 |a Pratt, Terrence W  |4 aut 
245 1 |a Jazyki programmirovanija: razrabotka i realizacija /  |c [aut.]Terrence W. Pratt; Z angl. kol 
260 |a Moskva :  |b Mir,  |c 1979 
300 |a 574 s 
650 7 |a jazyky programovacie  |2 stusub 
996 |b 284M003341  |c M*4389-1  |l MMKN  |s A  |a 24  |w stu40752_0001